10 państw najbliżej Korei Południowej - Statystyki

Ogólne statystyki
  • Ten quiz został rozwiązany 82 razy
  • Średni wynik to 8 z 10
Statystyki odpowiedzi
km Panstwo % Poprawnych
0 Korea Północna
100%
454 Rosja
100%
316 Chiny
99%
56 Japonia
97%
1112 Mongolia
95%
980 Tajwan
91%
2635 Wietnam
88%
1564 Filipiny
84%
2877 Mikronezja
47%
2950 Palau
45%
Nie znaleziono quizów pasujących do podanych kryteriów
Rozkład punktacji
Procent ludzi z każdym wynikiem
Percentyl według liczby udzielonych odpowiedzi
Twoja historia wyników
Nie rozwiązałeś tego quizu